[Event "POL-chT3 Wielkopolskie 1516"]
[Site "Poland"]
[Date "2016.01.10"]
[Round "1.18"]
[White "Kubasik, Aleksandra"]
[Black "Sobierska, Wioletta"]
[Result "0-1"]
[WhiteElo "1141"]
[BlackElo "2021"]
[PlyCount "78"]
[EventDate "2016.01.10"]
[EventType "team-tourn"]
[EventRounds "11"]
[EventCountry "POL"]
[SourceTitle "EXT 2019"]
[Source "ChessBase"]
[SourceDate "2018.10.10"]
[SourceVersion "1"]
[SourceVersionDate "2018.10.10"]
[SourceQuality "1"]

1. e4 e6 2. d4 d5 3. Nc3 Bb4 4. Bd2 Ne7 5. e5 c5 6. Nb5 Bxd2+ 7. Qxd2 0-0 8. Nd6 cxd4 9. Qxd4 Nbc6 10. Qe3 Qa5+ 11. c3 d4 12. Qg3 dxc3 13. Qxc3 Qxc3+ 14. bxc3 Nxe5 15. Rb1 b6 16. f4 N5g6 17. g3 Rd8 18. Rd1 Nd5 19. Nb5 Bd7 20. a4 Ne3 21. Rd6 Nxf1 22. Kxf1 Bxb5+ 23. axb5 Rxd6 24. Ne2 Rd1+ 25. Kg2 Rxh1 26. Kxh1 Rc8 27. Nd4 Rxc3 28. Nc6 a6 29. Nd4 a5 30. Kg2 a4 31. Nc6 a3 32. Nb4 a2 33. Nxa2 Rc2+ 34. Kh3 Rxa2 35. Kg4 h5+ 36. Kg5 Kh7 37. h4 Rg2 38. Kxh5 Rxg3 39. f5 Nf4# 0-1

[Event "POL-chT3 Wielkopolska 1112"]
[Site "Poland"]
[Date "2012.??.??"]
[Round "6.30"]
[White "Piechota, Izabela"]
[Black "Sobierska, Wioletta"]
[Result "1-0"]
[WhiteElo "1757"]
[BlackElo "2005"]
[PlyCount "113"]
[EventDate "2011.11.27"]
[EventType "team-tourn"]
[EventRounds "11"]
[EventCountry "POL"]
[SourceTitle "EXT 2014"]
[Source "ChessBase"]
[SourceDate "2013.11.20"]
[SourceVersion "1"]
[SourceVersionDate "2013.11.20"]
[SourceQuality "1"]
[WhiteTeam "Szamotuly Baszta"]
[BlackTeam "Jarocin JKSW"]
[WhiteTeamCountry "POL"]
[BlackTeamCountry "POL"]

1. e4 e6 2. d4 d5 3. exd5 exd5 4. Bd3 Bd6 5. Ne2 Nc6 6. c3 Nge7 7. 0-0 Bg4 8. Re1 Qd7 9. Qc2 0-0-0 10. b4 Rde8 11. Nd2 Bf5 12. Nb3 Bxd3 13. Qxd3 Qf5 14. Qxf5+ Nxf5 15. Bd2 Re4 16. Ng3 Nxg3 17. hxg3 Rg4 18. Re2 b6 19. Rae1 Kd7 20. Nc1 h5 21. Nd3 f6 22. Bf4 Nd8 23. f3 Rg6 24. Kf2 h4 25. Bxd6 Kxd6 26. gxh4 Rgh6 27. g3 g5 28. hxg5 fxg5 29. Ne5 Rh2+ 30. Ke3 R2h3 31. g4 Rf8 32. Kd2 Rf4 33. Re3 Nb7 34. R1e2 Rf6 35. Ke1 c5 36. dxc5+ bxc5 37. a3 Rh1+ 38. Kf2 Ra1 39. c4 d4 40. Rd3 Rf4 41. Ng6 Rf6 42. Ne7 Rc1 43. Nf5+ Kc6 44. bxc5 Kxc5 45. Rxd4 Rxf5 46. Rd7 Rf6 47. Rxb7 Rc3 48. Re3 Rc2+ 49. Kg3 a6 50. Rg7 Rxc4 51. Rxg5+ Kc6 52. Rge5 Ra4 53. g5 Rd6 54. Re6 Rxe6 55. Rxe6+ Kd5 56. Re3 Kd4 57. Re4+ 1-0

[Event "POL-chT4B 0910"]
[Site "Wielkoposka"]
[Date "2010.05.16"]
[Round "9"]
[White "Golek, Jagoda"]
[Black "Sobierska, Wioletta"]
[Result "1/2-1/2"]
[WhiteElo "2084"]
[BlackElo "1982"]
[PlyCount "74"]
[EventDate "2010.01.10"]
[EventType "team-tourn"]
[EventRounds "9"]
[EventCountry "POL"]
[SourceTitle "EXT 2019"]
[Source "ChessBase"]
[SourceDate "2018.10.10"]
[SourceVersion "1"]
[SourceVersionDate "2018.10.10"]
[SourceQuality "1"]
[WhiteTeam "Gniezno LKS Chrobry II"]
[BlackTeam "Jarocin JKSW"]
[WhiteTeamCountry "POL"]
[BlackTeamCountry "POL"]

1. e4 e6 2. d4 d5 3. exd5 exd5 4. c4 Nf6 5. Nc3 Be7 6. Nf3 0-0 7. Be2 dxc4 8. h3 c6 9. Bxc4 Nbd7 10. 0-0 Nb6 11. Bb3 Bf5 12. Re1 Nfd5 13. Ne5 Bb4 14. Qf3 Be6 15. Bc2 Qh4 16. a3 Bd6 17. Ne4 Be7 18. Qd3 f5 19. Ng3 Nc7 20. Nf3 Qf6 21. Nh5 Qf7 22. Nf4 Bc4 23. Qd1 Bd6 24. Ne5 Bxe5 25. dxe5 Rfd8 26. Qf3 Ne6 27. Qg3 Nd5 28. Nxe6 Qxe6 29. f4 Rd7 30. b3 Ba6 31. Bb2 b5 32. b4 Nb6 33. Bb3 Nc4 34. Rad1 Rad8 35. Rd6 Qe7 36. Red1 Kh8 37. Rxd7 Rxd7 1/2-1/2

[Event "POL-chT4B 0910"]
[Site "Wielkoposka"]
[Date "2010.02.07"]
[Round "4"]
[White "Jasnikowska, Malgorzata"]
[Black "Sobierska, Wioletta"]
[Result "0-1"]
[WhiteElo "1655"]
[BlackElo "1982"]
[PlyCount "76"]
[EventDate "2010.01.10"]
[EventType "team-tourn"]
[EventRounds "9"]
[EventCountry "POL"]
[SourceTitle "EXT 2019"]
[Source "ChessBase"]
[SourceDate "2018.10.10"]
[SourceVersion "1"]
[SourceVersionDate "2018.10.10"]
[SourceQuality "1"]
[WhiteTeam "Ostrow Wielkopolski II"]
[BlackTeam "Jarocin JKSW"]
[WhiteTeamCountry "POL"]
[BlackTeamCountry "POL"]

1. e4 e6 2. d4 d5 3. Nd2 Nf6 4. e5 Nfd7 5. f4 c5 6. c3 Nc6 7. Ndf3 a5 8. Ne2 f6 9. g3 cxd4 10. cxd4 Bb4+ 11. Bd2 0-0 12. Bg2 Qb6 13. exf6 Nxf6 14. 0-0 Bd7 15. Be3 a4 16. Ne5 Be8 17. Bh3 Ne7 18. Rc1 Bb5 19. Nd3 Ba5 20. Nc5 Nf5 21. Bf2 Ne4 22. Nxe4 dxe4 23. Bxf5 exf5 24. Be3 Bd3 25. Rf2 Qxb2 26. Nc3 Qa3 27. Nxa4 Bc2 28. Rcxc2 Qxe3 29. Rce2 Qd3 30. Qb3+ Qxb3 31. axb3 Rfd8 32. Nc5 Rxd4 33. Nxb7 Bb6 34. b4 Rxb4 35. Nd6 g6 36. Kg2 Bxf2 37. Kxf2 Rd8 38. Rd2 Kf8 0-1

[Event "Wroclaw Polonia op 3rd"]
[Site "Wroclaw"]
[Date "2008.06.25"]
[Round "6"]
[White "Witek, Tomasz"]
[Black "Sobierska, Wioletta"]
[Result "1-0"]
[WhiteElo "2113"]
[BlackElo "2004"]
[PlyCount "68"]
[EventDate "2008.06.21"]
[EventType "swiss"]
[EventRounds "9"]
[EventCountry "POL"]
[SourceTitle "CBM 125 Extra"]
[Source "ChessBase"]
[SourceDate "2008.09.01"]
[SourceVersion "1"]
[SourceVersionDate "2008.09.01"]
[SourceQuality "1"]

1. d4 d5 2. c4 e6 3. Nc3 Nf6 4. cxd5 exd5 5. Bg5 Be7 6. e3 c6 7. Bd3 Bg4 8. Nge2 Nbd7 9. 0-0 0-0 10. f3 Bh5 11. Ng3 Bg6 12. Nf5 Re8 13. Nxe7+ Qxe7 14. Bxg6 hxg6 15. e4 Qb4 16. Qd3 c5 17. Nxd5 Nxd5 18. exd5 cxd4 19. Rad1 Re5 20. f4 Rxd5 21. Qe4 Nb6 22. f5 gxf5 23. Qh4 Re8 24. Rd3 Re4 25. Qh5 g6 26. Qh3 Qd6 27. Qh6 Qf8 28. Qh3 Nd7 29. Rc1 f6 30. Bd2 Nc5 31. Rg3 Qf7 32. b4 Re2 33. Qh6 Qe8 34. Rxg6+ Kf7 1-0

[Event "Wroclaw Polonia op 3rd"]
[Site "Wroclaw"]
[Date "2008.06.24"]
[Round "5"]
[White "Sobierska, Wioletta"]
[Black "Scibior, Adam"]
[Result "1/2-1/2"]
[WhiteElo "2004"]
[BlackElo "2124"]
[PlyCount "58"]
[EventDate "2008.06.21"]
[EventType "swiss"]
[EventRounds "9"]
[EventCountry "POL"]
[SourceTitle "CBM 125 Extra"]
[Source "ChessBase"]
[SourceDate "2008.09.01"]
[SourceVersion "1"]
[SourceVersionDate "2008.09.01"]
[SourceQuality "1"]

1. e4 e6 2. d4 d5 3. Nc3 Nf6 4. e5 Nfd7 5. f4 c5 6. Nf3 Nc6 7. Be3 cxd4 8. Nxd4 Bc5 9. Qd2 0-0 10. 0-0-0 a6 11. h4 Nxd4 12. Bxd4 b5 13. Bxc5 Nxc5 14. Bd3 b4 15. Ne2 a5 16. h5 Ba6 17. g4 b3 18. a3 bxc2 19. Bxc2 Bxe2 20. Qxe2 Qb6 21. Qe3 Rab8 22. Qd4 Nb3+ 23. Bxb3 Qxb3 24. Rh2 Rfc8+ 25. Kb1 Qxa3 26. Rd3 Qb4 27. Rf2 f6 28. exf6 gxf6 29. f5 Kf7 1/2-1/2

[Event "EU-ch U18 Girls 17th"]
[Site "Sibenik"]
[Date "2007.09.23"]
[Round "9"]
[White "Kaniak, Justyna"]
[Black "Sobierska, Wioletta"]
[Result "1/2-1/2"]
[WhiteElo "1942"]
[BlackElo "2012"]
[PlyCount "59"]
[EventDate "2007.09.14"]
[EventType "swiss"]
[EventRounds "9"]
[EventCountry "CRO"]
[SourceTitle "CBM 120 Extra"]
[Source "ChessBase"]
[SourceDate "2007.11.01"]
[SourceVersion "1"]
[SourceVersionDate "2007.11.01"]
[SourceQuality "1"]

1. e4 d6 2. d4 Nf6 3. Nc3 g6 4. Nf3 Bg7 5. h3 0-0 6. Be2 c6 7. Be3 Qc7 8. Qd2 Nbd7 9. 0-0 e5 10. Rad1 Re8 11. dxe5 dxe5 12. Bc4 Nb6 13. Bb3 Be6 14. Bc5 Nc4 15. Bxc4 Bxc4 16. Rfe1 Rad8 17. Qc1 b6 18. Be3 Be6 19. Rxd8 Rxd8 20. Rd1 Ne8 21. Rxd8 Qxd8 22. Qd2 Qxd2 23. Nxd2 Nd6 24. a4 Nc4 25. Nxc4 Bxc4 26. a5 bxa5 27. Bxa7 Bf8 28. Na4 Bb5 29. Nc5 Bxc5 30. Bxc5 1/2-1/2

[Event "EU-ch U18 Girls 17th"]
[Site "Sibenik"]
[Date "2007.09.19"]
[Round "6"]
[White "Sobierska, Wioletta"]
[Black "Severiukhina, Zoja"]
[Result "1-0"]
[WhiteElo "2012"]
[BlackElo "2267"]
[PlyCount "93"]
[EventDate "2007.09.14"]
[EventType "swiss"]
[EventRounds "9"]
[EventCountry "CRO"]
[SourceTitle "CBM 120 Extra"]
[Source "ChessBase"]
[SourceDate "2007.11.01"]
[SourceVersion "1"]
[SourceVersionDate "2007.11.01"]
[SourceQuality "1"]

1. e4 c5 2. Nf3 d6 3. d4 cxd4 4. Nxd4 Nf6 5. Nc3 Nc6 6. Be2 e5 7. Nb3 a5 8. Bg5 Be7 9. Bxf6 Bxf6 10. Nd5 0-0 11. 0-0 Bg5 12. c3 Be6 13. Bg4 a4 14. Nc1 f5 15. exf5 Bxf5 16. Bxf5 Rxf5 17. Ne2 Rf7 18. Ng3 Bf4 19. Qd3 Qh4 20. Rae1 Rd8 21. Re4 a3 22. b3 Qh6 23. Ra4 Rdf8 24. Rxa3 Bxg3 25. hxg3 Rf5 26. g4 Rg5 27. Ra4 Qh4 28. Ne3 Rg6 29. Nf5 Qf6 30. Re4 Rd8 31. Qd5+ Kh8 32. Rd1 Qg5 33. b4 h5 34. Ne3 Rh6 35. b5 Ne7 36. Qxb7 hxg4 37. Rxg4 Qh5 38. g3 g5 39. Kf1 Qf7 40. Qg2 Rf8 41. Rxg5 Qxa2 42. Rxd6 Qb1+ 43. Rd1 Qxb5+ 44. Kg1 Qe2 45. Rf1 Ng6 46. Ng4 Qd2 47. f4 1-0

[Event "EU-ch U18 Girls 17th"]
[Site "Sibenik"]
[Date "2007.09.17"]
[Round "4"]
[White "Sobierska, Wioletta"]
[Black "Airapetian, Tatevik"]
[Result "0-1"]
[WhiteElo "2012"]
[BlackElo "2218"]
[PlyCount "72"]
[EventDate "2007.09.14"]
[EventType "swiss"]
[EventRounds "9"]
[EventCountry "CRO"]
[SourceTitle "CBM 120 Extra"]
[Source "ChessBase"]
[SourceDate "2007.11.01"]
[SourceVersion "1"]
[SourceVersionDate "2007.11.01"]
[SourceQuality "1"]

1. e4 c5 2. Nc3 d6 3. g3 g6 4. Bg2 Bg7 5. d3 e6 6. Be3 Ne7 7. Qd2 Nbc6 8. Bh6 Bxh6 9. Qxh6 Nd4 10. 0-0-0 b5 11. Nce2 e5 12. c3 Ne6 13. d4 Ng8 14. Qd2 cxd4 15. cxd4 Nf6 16. dxe5 Qc7+ 17. Kb1 dxe5 18. Nc3 0-0 19. Nd5 Nxd5 20. Qxd5 Rd8 21. Rc1 Qb8 22. Qb3 b4 23. Nf3 a5 24. Rhd1 Bb7 25. Rxd8+ Qxd8 26. Nxe5 Qd4 27. Nc6 Bxc6 28. Rxc6 Qxf2 29. Qf3 Qd4 30. Qe2 Rd8 31. h4 Qe5 32. Qe3 a4 33. Bh3 a3 34. bxa3 bxa3 35. Qxa3 Qxe4+ 36. Rc2 Rb8+ 0-1

[Event "EU-ch U18 Girls 17th"]
[Site "Sibenik"]
[Date "2007.09.16"]
[Round "3"]
[White "Brankov, Kristina"]
[Black "Sobierska, Wioletta"]
[Result "0-1"]
[WhiteElo "1918"]
[BlackElo "2012"]
[PlyCount "46"]
[EventDate "2007.09.14"]
[EventType "swiss"]
[EventRounds "9"]
[EventCountry "CRO"]
[SourceTitle "CBM 120 Extra"]
[Source "ChessBase"]
[SourceDate "2007.11.01"]
[SourceVersion "1"]
[SourceVersionDate "2007.11.01"]
[SourceQuality "1"]

1. e4 g6 2. d4 Bg7 3. Nf3 c6 4. Nc3 d5 5. exd5 cxd5 6. Bb5+ Nc6 7. h3 Nf6 8. Ne5 Qb6 9. 0-0 0-0 10. Nxc6 bxc6 11. Ba4 Bf5 12. Ne2 Ne4 13. c3 Rad8 14. Bc2 e5 15. dxe5 Bxe5 16. Bxe4 Bxe4 17. Bh6 Rfe8 18. Qd2 c5 19. f4 Kh8 20. Rad1 d4 21. cxd4 cxd4 22. Kh1 Qe6 23. b3 Qxh3+ 0-1

[Event "EU-ch U18 Girls 17th"]
[Site "Sibenik"]
[Date "2007.09.15"]
[Round "2"]
[White "Sobierska, Wioletta"]
[Black "Altunkeser, Gozde Deniz"]
[Result "1/2-1/2"]
[WhiteElo "2012"]
[BlackElo "1913"]
[PlyCount "43"]
[EventDate "2007.09.14"]
[EventType "swiss"]
[EventRounds "9"]
[EventCountry "CRO"]
[SourceTitle "CBM 120 Extra"]
[Source "ChessBase"]
[SourceDate "2007.11.01"]
[SourceVersion "1"]
[SourceVersionDate "2007.11.01"]
[SourceQuality "1"]

1. e4 c5 2. Nf3 d6 3. d4 cxd4 4. Nxd4 Nf6 5. Nc3 a6 6. Be2 e5 7. Nb3 Be7 8. Bg5 0-0 9. Bxf6 Bxf6 10. Nd5 Nc6 11. 0-0 Bg5 12. c3 Ne7 13. Nxe7+ Qxe7 14. Nd2 Be6 15. Nc4 Rad8 16. Nb6 Qc7 17. Nd5 Qc6 18. Bd3 g6 19. Qb3 Bxd5 20. Qxd5 Qxd5 21. exd5 Rc8 22. Rfe1 1/2-1/2

[Event "Najdorf Memorial op-A"]
[Site "Grodzisk Mazowiecki"]
[Date "2007.07.23"]
[Round "4"]
[White "Brudzinski, Maciej"]
[Black "Sobierska, Wioletta"]
[Result "0-1"]
[WhiteElo "2114"]
[BlackElo "2012"]
[PlyCount "124"]
[EventDate "2007.07.20"]
[EventType "swiss"]
[EventRounds "9"]
[EventCountry "POL"]
[SourceTitle "CBM 119 Extra"]
[Source "ChessBase"]
[SourceDate "2007.09.04"]
[SourceVersion "1"]
[SourceVersionDate "2007.09.04"]
[SourceQuality "1"]

1. e4 e6 2. d3 d5 3. Nd2 Nf6 4. Ngf3 c5 5. g3 Nc6 6. Bg2 Be7 7. 0-0 0-0 8. Re1 Re8 9. c3 b6 10. e5 Nd7 11. Nf1 f6 12. d4 Ba6 13. h4 Rc8 14. a3 cxd4 15. cxd4 fxe5 16. dxe5 Nc5 17. Bh3 Bf8 18. Ng5 h6 19. b4 hxg5 20. Bxg5 Be7 21. bxc5 Bxg5 22. hxg5 Qxg5 23. f4 Qe7 24. Rc1 bxc5 25. Ne3 Nd4 26. Kg2 Bb7 27. Bg4 Qf7 28. Qd3 g6 29. Rh1 Nf5 30. Nxf5 exf5 31. Bf3 d4 32. Qc4 Qxc4 33. Rxc4 Bxf3+ 34. Kxf3 Rc6 35. Rd1 Rec8 36. g4 Kf7 37. Rh1 Ke6 38. gxf5+ gxf5 39. Ra4 R8c7 40. Rh8 c4 41. Rh6+ Kd7 42. Rxc6 Rxc6 43. Rxa7+ Ke6 44. Rh7 Kd5 45. Rd7+ Kc5 46. Ke2 c3 47. Kd3 Kb5 48. Rd5+ Ka4 49. Rxd4+ Kb3 50. Rb4+ Kxa3 51. Rb1 c2 52. Rc1 Kb2 53. Kd2 Rc8 54. Rxc2+ Rxc2+ 55. Kd3 Rf2 56. Ke3 Rf1 57. Kd4 Rxf4+ 58. Kd5 Re4 59. Kd6 f4 60. e6 f3 61. e7 f2 62. e8R Rxe8 0-1